000 00348nam a2200157Ia 4500
001 18372
003 IN-NITTTR
005 20251114233214.0
008 251113s9999||||xx |||||||||||||| ||eng||
040 _beng
040 _cIN-NITTTR
041 _aeng
082 _a624.15136 P969S
245 0 _aSoil mechanics and foundations /
942 _2ddc
_cBK
999 _c21006
_d21006